| 000 | 00577nam a2200181 i 4500 | ||
|---|---|---|---|
| 001 | 140815 | ||
| 003 | ES-MaACL | ||
| 005 | 20240516063053.0 | ||
| 007 | t| | ||
| 008 | 070917s1920 sp ||||1| spa d | ||
| 100 | 0 |
_aWells, H. G., _d1866-1946 _9116458 |
|
| 245 | 1 | 0 |
_aRusia en las tinieblas / _cH. G. Wells ; traducción del inglés por Ricardo Baeza. |
| 260 |
_aMadrid : _b[s.n.], _c1920 ( _fSucesores de Rivadaneyra) |
||
| 300 |
_a144 p. ; _c20 cm. |
||
| 700 | 1 |
_aBaeza, Ricardo, _d1890-1956 _924620 |
|
| 852 |
_aES-MaACL _jF-5958 |
||
| 999 |
_c140815 _d140815 |
||